<?xml version="1.0" encoding="UTF-8"?>
<record
    xmlns:xsi="http://www.w3.org/2001/XMLSchema-instance"
    xsi:schemaLocation="http://www.loc.gov/MARC21/slim http://www.loc.gov/standards/marcxml/schema/MARC21slim.xsd"
    xmlns="http://www.loc.gov/MARC21/slim">

  <leader>01371    a2200229   4500</leader>
  <controlfield tag="003">OSt</controlfield>
  <controlfield tag="005">20251212123048.0</controlfield>
  <controlfield tag="008">251212b        |||||||| |||| 00| 0 eng d</controlfield>
  <datafield tag="020" ind1=" " ind2=" ">
    <subfield code="a">9788131776513</subfield>
  </datafield>
  <datafield tag="100" ind1=" " ind2=" ">
    <subfield code="a">Srinivasan A. Suresh J.</subfield>
    <subfield code="9">215787</subfield>
  </datafield>
  <datafield tag="245" ind1=" " ind2=" ">
    <subfield code="a">Cloud Computing</subfield>
    <subfield code="b">Practical Approach Learning Implementation</subfield>
  </datafield>
  <datafield tag="260" ind1=" " ind2=" ">
    <subfield code="b">Pearson</subfield>
    <subfield code="c">2014</subfield>
    <subfield code="a">Chennai</subfield>
  </datafield>
  <datafield tag="300" ind1=" " ind2=" ">
    <subfield code="a">412pp.</subfield>
  </datafield>
  <datafield tag="500" ind1=" " ind2=" ">
    <subfield code="a"> Student friendly and easy to understand


&#x2022; Fourteen case studies devoted to showcase the implementation of the cloud


&#x2022; Provides pertinent insights into the future applications of the cloud


&#x2022; In-depth analysis of service-oriented architecture in explicit text spanning three chapters


&#x2022; Over 630 exercises
</subfield>
  </datafield>
  <datafield tag="520" ind1=" " ind2=" ">
    <subfield code="a">This book lays a good foundation to the core concepts and principles of cloud computing, walking the reader through the fundamental ideas with expert ease. The book advances on the topics in a step-by-step manner and reinforces theory with a full-fledged pedagogy designed to enhance students' understanding and offer them a practical insight into the subject</subfield>
  </datafield>
  <datafield tag="650" ind1="0" ind2="1">
    <subfield code="a">Cloud Computing Foundation</subfield>
    <subfield code="9">215836</subfield>
  </datafield>
  <datafield tag="650" ind1="0" ind2="2">
    <subfield code="a">Cloud Computing Architecture</subfield>
    <subfield code="9">215837</subfield>
  </datafield>
  <datafield tag="650" ind1="0" ind2="3">
    <subfield code="a">Virtualization</subfield>
    <subfield code="9">215838</subfield>
  </datafield>
  <datafield tag="650" ind1="0" ind2="4">
    <subfield code="a"> Data Storage and Cloud Computing</subfield>
    <subfield code="9">215839</subfield>
  </datafield>
  <datafield tag="650" ind1="0" ind2="5">
    <subfield code="a">Cloud Computing Services</subfield>
    <subfield code="9">215840</subfield>
  </datafield>
  <datafield tag="942" ind1=" " ind2=" ">
    <subfield code="c">BK</subfield>
    <subfield code="2">ddc</subfield>
  </datafield>
  <datafield tag="999" ind1=" " ind2=" ">
    <subfield code="c">369351</subfield>
    <subfield code="d">369351</subfield>
  </datafield>
  <datafield tag="952" ind1=" " ind2=" ">
    <subfield code="0">0</subfield>
    <subfield code="1">0</subfield>
    <subfield code="2">ddc</subfield>
    <subfield code="4">0</subfield>
    <subfield code="7">0</subfield>
    <subfield code="8">BCA Pune</subfield>
    <subfield code="a">001</subfield>
    <subfield code="b">001</subfield>
    <subfield code="d">2025-12-10</subfield>
    <subfield code="e">8</subfield>
    <subfield code="g">472.50</subfield>
    <subfield code="l">0</subfield>
    <subfield code="p">KBJP-BK-2919</subfield>
    <subfield code="r">2025-12-10 00:00:00</subfield>
    <subfield code="v">630.00</subfield>
    <subfield code="w">2025-12-10</subfield>
    <subfield code="y">BK</subfield>
    <subfield code="z">2919</subfield>
  </datafield>
</record>
